| 000 | 01029aaa a2200289 a 4500 | ||
|---|---|---|---|
| 999 |
_c323594 _d323594 |
||
| 003 | BLK | ||
| 005 | 20250623125459.0 | ||
| 008 | 180807b bul||||| |||| 00| 0 bul d | ||
| 020 | _a9786191993314 | ||
| 040 | _aBLK | ||
| 041 |
_aBUL _cBUL |
||
| 080 |
_aНемска литература _b821.112.2 _z821.112.2-93-94 |
||
| 100 |
_aКремер, Марина _eпърви автор _91299 |
||
| 139 |
_aКремер, Марина _bК 90 |
||
| 245 |
_aРайетата на тигърчето Макс _cМарина Кремер ; прев. Мила Петрова |
||
| 257 | _aDEU | ||
| 260 |
_bФют _c2018 _aСофия |
||
| 300 |
_a28 с. _bс ил. _c28 см |
||
| 380 | _aDX | ||
| 490 |
_9389535 _aТигърчето Макс и неговите приятели |
||
| 700 |
_9384109 _aПетрова, Мила Георгиева _eпрев. от нем. |
||
| 852 | _aЦб ІІ 23174 | ||
| 942 |
_cKNG _2udc _n0 _046 |
||
| 999 | _d323594 | ||
| 999 | _d323594 | ||
| 944 |
_k30551 _lБояна Костадинова |
||